Le Corbusier

Na minha lista:
Detalhes bibliográficos
Autor principal: Blake, Peter (Author)
Formato: Livro
Idioma:inglês
Publicado em: Walford : TGE, 1963
Edição:1. vyd.
Assuntos:
Tags: Adicionar Tag
Sem tags, seja o primeiro a adicionar uma tag!

MARC

LEADER 00000nam a22000003a 4500
001 stu13597
005 20150617225759.7
008 960704s1963----gw------------------eng-d
040 |a STU  |b slo 
041 0 |a eng 
044 |a gw 
100 1 |a Blake, Peter  |4 aut 
245 1 |a Le Corbusier 
250 |a 1. vyd. 
260 |a Walford :  |b TGE,  |c 1963 
300 |a 159 s 
650 7 |a architektúra-teória  |2 stusub 
996 |b 284AU00282  |c A*1964 U  |l AAKNAR  |s A  |a 24  |w stu13597_0001